| 000 | 01591nam0a2200361 4500 | ||
|---|---|---|---|
| 001 | RU\NLR\bibl\1817461 | ||
| 005 | 20250616155632.0 | ||
| 010 |
_a978-5-9902968-1-7 _9500 |
||
| 021 |
_aRU _b2011-69027 _94876 |
||
| 035 | _a(NLR Aleph) 001808035 | ||
| 090 |
_a1831389 _c1831389 |
||
| 100 | _a20111007d2011 |||y0rusy50 ca | ||
| 101 | 0 | _arus | |
| 102 | _aRU | ||
| 105 | _aa ||||||||| | ||
| 200 | 1 |
_aОптимизация микрофлоры желудочно-кишечного тракта сельскохозяйственных животных _fЛ.К. Эрнст, Г.Ю. Лаптев _gРос. акад. с.-х. наук, ООО "Биотроф" |
|
| 210 |
_aМосква _cООО "Биотроф" _d2011 |
||
| 215 |
_a201 с. _cил. _d22 |
||
| 300 | _aНа обороте тит. л. авт.: Эрнст Л.К., акад. РАСХН, Лаптев Г.Ю., д.биол.н. | ||
| 320 | _aБиблиогр.: с. 182-201 (255 назв.) | ||
| 606 | 1 |
_aМикрофлора желудочно-кишечного тракта сельскохозяйственных животных _xВлияние пробиотиков _92626286 _3RU\NLR\auth\661562846 |
|
| 686 | _aП527.390 | ||
| 686 | _aП545.129 | ||
| 686 | _aП841.861-911 | ||
| 700 | 1 |
_aЭрнст _bЛ. К. _f1929-2012 _gЛев Константинович _4070 |
|
| 701 | 1 |
_aЛаптев _bГ. Ю. _gГеоргий Юрьевич _4070 |
|
| 801 | 0 |
_aRU _bNLR _c20111007 _gRCR |
|
| 801 | 1 |
_aRU _bNLR _c20111007 |
|
| 942 | _cBOOK | ||
| 980 | _aNB | ||
| 980 | _aNBR | ||